|
|
|
|
| LEADER |
00000cam a2200000 i 4500 |
| 005 |
20111028113422.0 |
| 008 |
110519s2011 sp | |||| 000 0 spa d |
| 017 |
|
|
|a D.L.SE 2452-2011
|
| 020 |
|
|
|a 978-84-9982-187-0
|
| 035 |
|
|
|a 5920
|
| 040 |
|
|
|a NoBUC-SpMaBN
|d SpMaUCDE
|d BUS
|d vLex
|
| 090 |
|
|
|c 2719
|d 2719
|
| 100 |
1 |
|
|a Lorenzo Rodrg̕uez-Armas, Magdalena.
|
| 245 |
1 |
3 |
|a La Ley orgǹica 2/2010, de 3 de marzo, de salud sexual y reproductiva e interrupcin̤ voluntaria del embarazo
|h [Recurso electrn̤ico] :
|b trabajos parlamentarios /
|c Magdalena Lorenzo Rodrg̕uez-Armas ; prl̤ogo a cargo de Carmen Calvo Poyato.
|
| 256 |
|
|
|a Servicio en ln̕ea.
|
| 260 |
|
|
|a Madrid :
|b Dykinson,
|c D.L. 2011.
|
| 300 |
|
|
|a 1 recurso electrn̤ico
|
| 500 |
|
|
|a Incluye anexo legislativo.
|
| 504 |
|
|
|a p. [177]-179.
|
| 506 |
1 |
|
|a Contenido solo disponible en los productos indicados
|d vLex Global
|d vLex Global (Academic Edition, excluding Law Schools)
|d vLex Global (U.S. Academic Edition, Law Schools)
|d vLex Global (U.S. Academic Edition, excluding Law Schools)
|d vLex Global (Academic Edition, Law Schools)
|
| 650 |
0 |
4 |
|a Aborto
|x Derecho
|z Espaą
|
| 740 |
0 |
|
|a vLex Libros (Servicio en ln̕ea)
|
| 856 |
4 |
0 |
|u http://vlex.com/source/ley-organica-2-2010-salud-sexual-reproductiva-interrupcion-voluntaria-embarazo-5920
|z Acceso restringido
|
| 942 |
|
|
|c BOOK
|